[Event "Corus Wijk aan Zee"]
[Site " Wijk aan Zee"]
[Date "2007.01.27"]
[Round "12"]
[White "GM Tiviakov, Sergey (NED)"]
[Black "GM Anand, Viswanathan (IND)"]
[Result "1/2-1/2"]
[WhiteElo "2667"]
[BlackElo "2779"]
[Annotator "Âàñèëèé Ëåáåäåâ"]
[PlyCount "53"]
[EventDate "2007.01.??"]
[EventType "tourn"]
[EventCountry "NED"]
[EventCategory "19"]
[Source "CrestBook.com"]

{Èíîãäà ìåíÿ êàê îáîçðåâàòåëÿ-ëþáèòåëÿ îõâàòûâàåò ãëóáîêîå îò÷àÿíèå...  Íåò,
íå òîãäà, êîãäà ïîëíî÷è òðàòèøü íà îäíó ïàðòèþ, à ñ óòðà  - íà ðàáîòó.  À
êîãäà ïîïàäàåòñÿ òàêîé âîò íåïðèãëÿäíûé «ñóõàðèê»...  Ïîñòàðàëñÿ ïðèãîòîâèòü
èç íåãî íå÷òî ñúåäîáíîå...} 1. e4 c6 2. d4 d5 3. Nd2 dxe4 4. Nxe4 Nd7 5. Nf3
Ngf6 6. Nxf6+ Nxf6 7. Bc4 Bf5 8. Qe2 e6 9. c3 ({
Êîïàÿñü â áàçå, âñïîìíèë ñëåäóþùóþ «ñèìïàòè÷íîñòü»:} 9. Bg5 Be7 10. O-O-O
h6 11. Bh4 Ne4 12. g4 $1 Bh7 13. Bg3 Nxg3 14. fxg3 $1 Qc7 15. Ne5 Bd6 16. h4 f6
17. Bxe6 fxe5 18. dxe5 Be7 19. Rhf1 Rf8 20. Rxf8+ Bxf8 21. Qf3 Qe7 22. Qb3 Rb8
23. Bd7+ Qxd7 24. Rxd7 Kxd7 25. Qf7+ Be7 26. e6+ Kd8 27. Qxg7 {
1-0 Tal,M-Fuster,G/Portoroz 1958/IZT}) 9... Be7 {Òàê êàê â ïàðòèè íå
ïðîèñõîäèò è, çàáåãàÿ ÷óòü âïåðåä ñêàæó, ÷òî è íå áóäåò ïðîèñõîäèòü íè÷åãî
èíòåðåñíîãî, ïîðàäóþ ÷èòàòåëÿ ñëåäóþùèì «øåäåâðîì».} ({
Çíàêè ê õîäó ïîñòàâëþ òîëüêî â îäíîì ìåñòå.} 9... c5 $4 10. Bb5+ Ke7 11. dxc5
$18 a6 12. Bc4 Ke8 13. b4 Nd5 14. Bd2 Be7 15. O-O Bf6 16. Rad1 Bc2 17. Rc1 Ba4
18. Rfe1 Ke7 19. Ne5 Re8 20. Qh5 Bxe5 21. Rxe5 Nf6 22. Bg5 Kf8 23. Qh4 h6 {
, è ñåé÷àñ áóäåò «êðàñèâî»...} 24. Bxh6 gxh6 25. Qxh6+ Ke7 26. Rxe6+ fxe6 27.
Qg7# {1-0 Markiewicz,T-Rubinowski,S (2035)/Lublin 1999/EXT 2003}) 10. Ne5 Nd7
11. Bf4 ({åæäó ïðî÷èì, â 6 íàéäåííûõ ïàðòèÿõ, â êîòîðûõ äî äàííîãî ïîåäèíêà
âñòðåòèëàñü ýòà ïîçèöèÿ, áûëî çàôèêñèðîâàíî 5 íè÷üèõ è îäíî ïîðàæåíèå...
áåëûõ. À ñëó÷èëîñü ýòî ïîñëå áåçáàøåííîãî} 11. Nxf7 $2 Kxf7 12. g4 Bg6 13. h4
Ke8 14. Qxe6 Rf8 15. Qe2 Nb6 {, è îò àòàêè íè÷åãî íå îñòàëîñü...} 16. h5 Bf7
17. Bd3 h6 18. Rh3 Qd6 19. Kd1 Kd8 20. Kc2 Nd5 21. Bd2 Bg5 22. Rf3 Bxd2 23.
Qxd2 Kc7 24. Rg1 Be6 25. Rfg3 Qf4 26. f3 Qxd2+ 27. Kxd2 Nf4 28. Re1 Rae8 29.
Bb1 Bd5 30. Re3 Re6 31. Bf5 Rxe3 32. Kxe3 Nxh5 33. gxh5 Rxf5 34. Rxg7+ Rf7 35.
Rg3 Bxa2 36. Rg6 Rh7 37. Kf4 Bf7 38. Kf5 Kd7 39. Kf6 Be8 40. f4 b5 41. Ke5 Re7+
{0-1 Pinkas,K (2360)-Spiridonov,N (2470)/Wroclaw 1980/EXT 98}) 11... Nxe5 ({
Ëþáîïûòíàÿ èäåÿ áûëà ïðèìåíåíà â ýòîé ïîçèöèè 10 ëåò íàçàä:} 11... h5 $5 12.
O-O g5 13. Bd2 Nxe5 14. Qxe5 {È áûëî ñûãðàíî èíà÷å 14...Rg8!} Rg8 ({È òåïåðü} 
14... Bf6 {ïîçâîëÿåò îñóùåñòâèòüñÿ î÷åðåäíîé «óñóøêå» -} 15. Bxg5 $1 Bxe5
16. Bxd8 Bxh2+ 17. Kxh2 Rxd8) {Î÷åâèäíî, ÷òî ÷¸ðíûìè îâëàäåëî ÿâíî íå
«êàðàêàíîâñêîå» íàñòðîåíèå, õîòÿ îáùóþ òåíäåíöèþ çàùèòíûõ èäåé äâóõ íåìöåâ
îíè ïåðåëîìèòü íà ìîãëè -} 15. Rfe1 Qd7 16. Qa5 Kf8 17. Qe5 Rd8 18. Qe2 h4 19.
Rad1 Rg6 20. g4 hxg3 21. fxg3 Rg7 22. Rf1 Kg8 23. Bb3 b5 24. Be3 a6 25. a4 Qc7
26. axb5 axb5 27. Ra1 Bd6 28. Qg2 c5 29. dxc5 Bxc5 30. Qf2 Bxe3 31. Qxe3 b4 32.
Rfd1 bxc3 33. Rxd8+ Qxd8 34. bxc3 Kh7 35. Rd1 Qc7 36. Rd4 e5 37. Rc4 Qd6 38.
Qf2 Bg6 39. Bc2 Bxc2 40. Qxc2+ Qg6 41. Qxg6+ Kxg6 42. h4 f6 43. Kf2 Rd7 44.
hxg5 Kxg5 45. Rc8 Kf5 46. Ke3 Rg7 47. Kf3 e4+ 48. Kf2 Rd7 49. c4 Rd2+ 50. Ke3
Rd3+ 51. Kf2 Ke5 52. Rc5+ Kd4 53. Rf5 Rd2+ 54. Kf1 Kxc4 55. Rxf6 Kd3 56. Ra6
Rd1+ 57. Kg2 e3 58. Ra3+ Ke2 59. g4 Rd3 60. Ra1 Rd1 61. Ra3 Rc1 62. g5 Kd2 63.
Ra2+ Rc2 64. Rxc2+ Kxc2 65. g6 e2 66. g7 e1=Q 67. g8=Q {
1/2-1/2 Tong Yuanming (2510)-Speelman,J (2630)/Beijing 1997/CBM 061}) 12. Bxe5
Bf6 13. Rd1 O-O 14. O-O h6 $146 ({È â ïîåäèíêå, êîòîðîìó äî ñèõ ïîð âòîðèëè
ïðîòèâíèêè, ïðîèñõîäèëè òàêèå æå âÿëîòåêóùèå ñîáûòèÿ:} 14... Qe7 15. Rfe1 Rfd8
16. Qf3 Rd7 17. Bd3 Bxd3 18. Rxd3 Bxe5 19. Rxe5 Rad8 20. g3 Rd5 {
è ÷åðåç 15 õîäîâ, ïîñëå ðàçìåíà âñåõ ëàäåé, áûëà çàôèêñèðîâàíà íè÷üÿ -} 21.
Rde3 h6 22. Qf4 a6 23. Rxd5 Rxd5 24. Re5 Rd8 25. Qe3 Qc7 26. b4 Rd5 27. f4 Qd7
28. Kf2 Qc7 29. a3 Qd7 30. Kg2 b5 31. Kf2 Rxe5 32. Qxe5 Qd5 33. Qxd5 cxd5 34.
Kf3 f5 35. h4 {
1/2-1/2 Cain,C (2310)-Nay Oo Kyaw Tun (2431)/Bangkok 2004/CBM 101 ext}) 15.
Rfe1 Qe7 16. Qf3 Rfd8 17. Qg3 ({Õîäîì} 17. g4 $5 {ìîæíî áûëî, âî âñÿêîì
ñëó÷àå, õîòü ÷òî-òî ñîçäàòü: òî ëè ïðåäïîñûëêè äëÿ àòàêè, òî ëè ñëàáîñòè â
ñîáñòâåííîì ëàãåðå...}) 17... Rd7 18. Bxf6 Qxf6 19. Re5 a5 20. Rde1 Kh8 21. h3
b6 22. a3 ({Â ïðèíöèïå, áûëà âîçìîæíîñòü èñïîëíèòü ñäåëàòü îäèí ñèìïàòè÷íûé
õîä, êîòîðûé, ïðàâäà, íè íà ÷òî íå âëèÿë:} 22. Qf3 Rd6 23. Bb5 $1 {
Âîò è îí! Íî ïîñëå} Rc8 {íà äîñêå - âåëèêàÿ ñóøü.}) 22... Bh7 23. R1e3 Rc8 24.
Rf3 Qe7 25. Qg4 ({Íè÷åãî íå äàâàëà è ïåðåñòàíîâêà ìåñò àòàêàþùèõ -} 25. Rf4
Qd6 26. Rg4 Rg8) 25... Qd6 26. Rg3 {
Ìàòîì ñàìîìó Àíàíäó ïðèãðîçèëè! Ïîñëå ýòîãî ìîæíî ñìåëî çàêðóãëÿòüñÿ.} Rg8 27.
Qh5 1/2-1/2

[Event "Corus Wijk aan Zee"]
[Site " Wijk aan Zee"]
[Date "2007.01.27"]
[Round "12"]
[White "GM Navarra, David (CZE)"]
[Black "GM Ponomariov, Ruslan (UKR)"]
[Result "1-0"]
[WhiteElo "2719"]
[BlackElo "2723"]
[Annotator "Òðàêòàòîð"]
[PlyCount "85"]
[EventDate "2007.01.??"]
[EventType "tourn"]
[EventCountry "NED"]
[EventCategory "19"]
[Source "CrestBook.com"]

{Èòàê, íà÷í,ì ñ òîãî, ÷òî Íàâàðà ñ Ïîíîìàð,âûì äî ýòîãî åù¸ íè ðàçó íå
èãðàëè ìåæäó ñîáîé â òóðíèðàõ. Ïîýòîìó è äåáþò, è õîä äàëüíåéøåé áîðüáû â
ïàðòèè ïðåäóãàäàòü áûëî ôàêòè÷åñêè íåâîçìîæíî. Âîîáùå-òî, Íàâàðà áåëûìè
ïî÷òè âñåãäà õîäèò 1. d4 è òîëüêî ïîä êîíêðåòíûõ ñîïåðíèêîâ ïîäà,ò ñ äðóãîé
ðóêè.} 1. e4 {È, âèäèìî, Ïîíîìàð,â êàê ðàç îêàçàëñÿ òåì ñàìûì, «êîíêðåòíûì».}
e6 {Íî è Ðóñëàí ðåøèë óäèâèòü. Âìåñòî îáû÷íîé «ñèöèëèàíêè», êîòîðóþ ÿ òàê
áîÿëñÿ êîììåíòèðîâàòü, îí ðàçûãðûâàåò ôðàíöóçñêóþ çàùèòó.} 2. d4 d5 3. Nd2 {
Õîä Òàððàøà-Ãåëëåðà. Îáû÷íî çäåñü âîçíèêàþò ñïîêîéíûå ïîçèöèè ñèçîëèðîâàííîé
ïåøêîé ó ÷¸ðíûõ.} ({Áåëûå èçáåãàþò îñòðûõ âàðèàíòîâ ñ} 3. Nc3) 3... c5 4.
Ngf3 {Íåò, «èçîëÿòîðà» íå áóäåò!  ×àùå áåëûå çäåñü ñðàçó ìåíÿþòñÿ íà d5 è
ïîòîì ëèáî èãðàþò ïðîòèâ ÷¸ðíîé îäèíî÷êè â öåíòðå, ëèáî â (ñëó÷àå âçÿòèÿ
íà d5 ôåðç,ì) ïîëó÷àþò íåêîå ïðåèìóùåñòâî â ðàçâèòèè (Bc4 è ò. ä.). Õîä â
ïàðòèè Íàâàðà ïðèìåíÿë óæå íåîäíîêðàòíî, è ÿ áû íå ñêàçàë, ÷òî îñîáî óñïåøíî,
à âîò â òóðíèðíîé ïðàêòèêå Ïîíîìàð,âà ýòîò âàðèàíò íå âñòðå÷àëñÿ íè ðàçó.
Òåïåðü ó ÷¸ðíûõ ïîÿâëÿåòñÿ âîçìîæíîñòü ñúåñòü íà d5 êîí¸ì.} Nf6 5. exd5 Nxd5
6. Nb3 Nd7 {
Âðÿä ëè óäà÷íî íåìåäëåííîå ñíÿòèå íàïðÿæåíèÿ â öåíòðå, õîòÿ òàê òîæå èãðàþò.}
7. g3 {Ñëîí ïåðåâîäèòñÿ íà ãëàâíóþ äèàãîíàëü, ãäå îí áóäåò îêàçûâàòü ñåðü,
çíîå äàâëåíèå êàê íà ïîëå d5, òàê è íà ôåðçåâûé ôëàíã ÷¸ðíûõ. Ðåøåíèå âïîëíå
ðàçóìíîå, òàê êàê íà äèàãîíàëè f1-a6 ó ñëîíà íåò îñîáûõ ïåðñïåêòèâ.} ({
Ðàçâå ÷òî ãåðîéñêè ðàçìåíÿòüñÿ íà òîãî ñàìîãî êîíÿ d5. Íàïðèìåð,} 7. Bc4 N7b6
8. Bxd5 Qxd5 9. Nxc5 Bxc5 10. dxc5 Qxc5 11. O-O O-O {Õîòÿ ïðîáëåìû ó ÷¸ðíûõ
îñòàþòñÿ. Ó áåëîãî ñëîíà ÿâíî áîëüøå ïåðñïåêòèâ. Îäíàêî â ïàðòèè Baklan -
Kruppa (Independence Cup A, Kiev, 2006) ñòîðîíû äîâîëüíî áûñòðî ðàçìåíÿëè âñ¸,
÷òî äâèæåòñÿ:} 12. a4 Qc7 13. b3 Rd8 14. Bf4 Qe7 15. Qe2 Nd5 16. Bd2 f6 $6 (
16... b6) 17. Rad1 Bd7 18. Ba5 Re8 19. c4 b6 20. cxd5 bxa5 21. dxe6 $6 (21. d6
$5) 21... Bxe6 22. Nd4 Qf7 23. Nxe6 Rxe6 24. Qc4 Re5 25. Qxf7+ Kxf7 26. Rd7+
Re7 27. Rfd1 Rb8 28. R1d3 Rd8 29. Rxe7+ {, è ñîãëàñèëèñü íà íè÷üþ.}) 7... Be7
$146 {Ñîãëàñíî ìîåé áàçå äàííûõ - ýòî íîâèíêà. Ðóñëàí èãðàåò íàðî÷èòî êðåïêî
è íå ãîíèòñÿ çà ìàòåðèàëüíûìè ïðèîáðåòåíèÿìè.} ({Â ïàðòèè Ñâèäëåð - Áåëÿâñêèé
(Êîìàíäíûé òóðíèð, Tivat, 1995) ÷¸ðíûå ðåøèëèñü ïðèíÿòü âðåìåííóþ æåðòâó
ïåøêè.} 7... cxd4 8. Bg2 $1 Bb4+ 9. Bd2 e5 10. O-O O-O 11. Re1 f6 12. Nfxd4
N7b6 13. Bxb4 Nxb4 14. Qd2 ({È òåïåðü òî÷íåå âñåãî áûëî} 14. c3 $1 {
ñ îãðîìíûì ïåðåâåñîì ó áåëûõ} N4d5 15. Nb5 a6 16. Na3 {
ñ óãðîçîé ïîéòè c4 è âûèãðàòü ïåøêó «b» ïîñëå, íàïðèìåð,} Be6 ({èëè} 16...
Rb8 17. Nc4 Be6 18. Nc5 Bf7 19. Nxb6 Nxb6 20. Qxd8 Rfxd8 21. Nxb7 $18) 17. c4
Nb4 18. Bxb7 $18) 14... N4d5 (14... Na6 $5 15. Nb5 Qxd2 16. Nxd2 Nb4 $11) 15.
Nb5 a6 16. Na3 Ne7 {È çäåñü Ñâèäëåðó äëÿ çàêðåïëåíèÿ ïåðåâåñà äîñòàòî÷íî áûëî
ïîìåíÿòü ôåðçåé: 17. Qxd8 Rxd8 18. Rad1+-. Ïîñêîëüêó ïîëå c5 â ðóêàõ áåëûõ, ÷,
ðíûå íå â ñèëàõ ðàçâèòü ñâîé ôåðçåâûé ôëàíã (âñ¸ âðåìÿ «âèñèò» çëîïîëó÷íàÿ
ïåøêà b7).  Âìåñòî ýòîãî ïîñëåäîâàëî} 17. Rad1 Qc7 18. Na5 Rb8 19. Qb4 Bf5 20.
c4 Nc6 21. Nxc6 bxc6 22. Qa5 Rfc8 23. b3 Nd7 {
, è ïîñëå ñåðèè âçàèìíûõ îøèáîê ÷¸ðíûå äàæå âûèãðàëè.}) 8. dxc5 {Äèàãðàììà #}
({Ñðàçó ãíàòü êîíÿ ñ d5 ñëåãêà ïðåæäåâðåìåííî, õîòÿ òîæå, íàâåðíîå, âîçìîæíî.} 
8. c4 Nb4 9. Bg2 cxd4 10. Nfxd4 Ne5 11. O-O Nxc4 12. Qe2 {
Çà ïåøêó ó áåëûõ åñòü êîìïåíñàöèÿ, íî òàêàÿ èãðà íå â ñòèëå Íàâàðû.}) 8... Nxc5
9. Bg2 O-O 10. O-O Qb6 $6 {×¸ðíûå çàùèùàþò ïåøêó b7, ÷òîáû èìåòü
âîçìîæíîñòü ðàçâèòü ñâîé ôåðçåâûé ôëàíã, è ïîïóòíî îñâîáîæäàþò ïîëå d8 äëÿ
ëàäüè. Íî ó ýòîãî õîäà åñòü è ìèíóñû. Êîíÿ ñ d5 ñåé÷àñ ïðîãîíÿò, è ÷òîáû
èçáåæàòü íåïðèÿòíîé ñâÿçêè ïîñëå Be3 ïðèä,òñÿ ìåíÿòüñÿ íà b3, ïîëó÷àÿ
íåïðèÿòíûé ýíäøïèëü, ñî ñëàáûìè ïåøêàìè ôåðçåâîãî ôëàíãà.} ({Ìíå êàæåòñÿ,
íàìíîãî óäà÷íåå çäåñü áûëî b7-b5, íå òîëüêî ðàçâèâàÿ ôåðçåâûé ôëàíã, íî è
ïðåïÿòñòâóÿ c4. Ïðîòèâîñòîÿíèå ñëîíà è ëàäüè a8 áåëûå ïîêà èñïîëüçîâàòü íå
ìîãóò.} 10... b5 $5 11. Nxc5 Bxc5 12. Qd3 Rb8 $1 {Äèàãðàììà #} (12... a6 $2 13.
Ng5 g6 14. Ne4 $18 {Ïî ìîòèâàì êàòàëîíñêîãî íà÷àëà}) 13. Ng5 Nf6 {
, è ó ÷¸ðíûõ âñ¸ â ïîðÿäêå.}) 11. c4 Nxb3 ({Êàæåòñÿ îïàñíûì} 11... Nf6 {
îäíàêî ïîñëå} 12. Be3 Bd7 13. Ne5 (13. Qd4 Rac8 14. Ne5 Ba4) 13... Ba4 {
ß òàê è íå íàø,ë çäåñü çà áåëûõ ïóòåé äëÿ ïîëó÷åíèÿ ïðåèìóùåñòâà. Ñâÿçêà
íåïðèÿòíà, íî íè÷åãî êîíêðåòíîãî íå âèäíî.}) 12. Qxb3 {Íàâàðà îøèáîê Ñâèäëåðà
íå ïîâòîðÿåò è ñðàçó æå ìåíÿåò ôåðçåé. Áåç íèõ çàùèùàòü ôåðçåâûé ôëàíã ÷¸ðíûì
áóäåò íàìíîãî ñëîæíåå.} Qxb3 13. axb3 Nb4 14. Be3 a6 {Ó áåëûõ ÿâíî ëó÷øèé
ýíäøïèëü. Ðàçâèòü ôåðçåâûé ôëàíã ÷¸ðíûå íå óñïåëè. Ïåøêó b7 òðóäíî çàùèùàòü.}
15. Bb6 {Çàõâàòûâàÿ äëÿ ñâîèõ ëàäåé îòêðûòóþ ëèíèþ «d». Ïðàâäà, ïóíêòîâ
âòîðæåíèÿ ïîêà íåò. Ïîêà...} Bd7 $2 {Ñëîí èä,ò íà c6, ÷òîáû íåéòðàëèçîâàòü
äàâëåíèå ñâîåãî ãðîçíîãî îïïîíåíòà ïî ãëàâíîé äèàãîíàëè, íî ïîñëå åãî ðàçìåíà
ó áåëûõ ëàäåé ïîÿâëÿåòñÿ îòëè÷íîå ïîëå âòîðæåíèÿ - d7, êîòîðîå ÷¸ðíûì íå÷åì
ïðèêðûòü. Áåëîïîëüíîãî ñëîíà ëó÷øå áûëî ñîõðàíèòü è ïîïðîáîâàòü ðàçâèòü åãî
íà äèàãîíàëè c8-h3. ×¸ðíûì òÿæêî, è ÿ íå óâåðåí, ÷òî îíè äåðæàòñÿ, íî ÷,
òêîãî âûèãðûøà íå âèäíî.} ({Íàïðèìåð,} 15... f6 {Çàîäíî, íàâñåãäà
ïðåäîòâðàùàåì Ne5! È ÷òî òåïåðü? Äëÿ íà÷àëà, êàê âñåãäà, íå ñàìûå ñèëüíûå
ïðîäîëæåíèÿ:  Íà c7 áåëûé êîíü íå óñïåâàåò -} 16. Nd4 e5 17. Nb5 Nc2 18. Ra4
Rb8 19. Nc7 Bd7 20. Ra5 Bd8 {, è ÷¸ðíûå äåðæàòñÿ}) ({
Âòîðæåíèå ïî ëèíèè «d»  (ïîñëå} 15... f6 {) òîæå çàòðóäíåíî} 16. Rfd1 e5 17.
Rd2 Bf5 18. Nh4 Be6 {è íåò} 19. Bxb7 $4 {èç-çà} Rab8) ({Íî ìîæíî  (ïîñëå} 15...
f6 {) åù¸  ïîïðîáîâàòü «âòóëèòü» êîíÿ íà d5 -} 16. Nd4 e5 17. Ne2 Bg4 18. Nc3
Rab8 19. Nd5 Nxd5 20. Bxd5+ Kh8 $16 {
Âîò çäåñü ó áåëûõ åñòü íåïëîõèå øàíñû íà âûèãðûø.}) 16. Ne5 Bc6 17. Rfd1 $1 {
Ïðåâîñõîäíî ñûãðàíî! Âèäèìî, Ïîíîìàð,â «çåâíóë» ýòîò ðåñóðñ. Áåëûå«ïëþþò»
íà ïðåèìóùåñòâî äâóõ ñëîíîâ ðàäè âòîðæåíèÿ íà ñåäüìóþ ëèíèþ.} ({
È äåéñòâèòåëüíî, ïîñëå øàáëîííîãî} 17. Nxc6 bxc6 18. Rfd1 Rfb8 {ïðîáëåì ó ÷,
ðíûõ ãîðàçäî ìåíüøå.  Êàê ìû âèäèì, ñëàáîñòè íà b7 óæå íåò. Ëàäüÿ
ïðèñìàòðèâàåòñÿ ê ïåøêå b3. Åù¸ ÷¸ðíûå ãðîçÿò âåðíóòü êîíòðîëü íàä ïîëåì d8.
Íàïðèìåð:} 19. Bc7 Rb7 20. Be5 Rd8 21. Rxd8+ Bxd8 {è ò.ä.}) 17... Bxg2 18. Kxg2
f6 19. Rd7 {Òåïåðü æå ïåøêà b7 îáðå÷åíà.} Rae8 ({Åù¸ õóæå} 19... fxe5 20. Rxe7
Rf7 21. Rxe6 Nd3 22. Ra5 $18) 20. Nf3 Rf7 21. Rxb7 Bf8 22. Rxf7 Kxf7 {
Ëàäüþ-äèâåðñàíòêó óäàëîñü óíè÷òîæèòü, íî ó áåëûõ â ïåðñïåêòèâå íàìå÷àåòñÿ
îáðàçîâàíèå äâóõ ñâÿçàííûõ ïðîõîäíûõ íà ôåðçåâîì ôëàíãå, ïîñêîëüêó ïåøêó a6
çàùèòèòü íåâîçìîæíî.} 23. Ba5 {
Ðàçãðåáàÿ çàâàëû íà ïóòè ñâîèõ ïðîõîäíûõ â ôåðçè.} Rb8 24. Bxb4 Rxb4 25. Rxa6
Rxb3 26. Ra7+ Kg6 27. Nd4 Rb6 {Âñÿ áåäà â òîì, ÷òî ÷¸ðíûå íå ìîãóò áèòü íà
b2, ïîñêîëüêó ïåøêà «c» îêàçûâàåòñÿ ñëèøêîì øóñòðîé. À çíà÷èò, çà ïàðó
ñâÿçàííûõ ïðîõîäíûõ ðàíî èëè ïîçäíî ïðèä,òñÿ îòäàòü ôèãóðó.} ({Òî åñòü:} 27...
Rxb2 28. Nxe6 Rb8 29. c5 Re8 30. Nf4+ Kf5 31. c6 Bd6 32. Rxg7 Bxf4 33. gxf4 h6
34. c7 {Ýòîò «ëàäåéíèê» ëåãêî âûèãðàí.}) ({Èëè} 27... Rxb2 28. Nxe6 Bd6 29.
c5 Be5 30. c6 Rc2 31. c7 {È áåëûå â êîíöå êîíöîâ ðåàëèçóþò «ëèøíåãî» êîðîëÿ.
}) 28. Nb5 Rb8 29. Rd7 f5 30. f4 Kf6 31. b3 h6 {×¸ðíûå õîòÿò ïîéòè g5, ÷òîáû
ïîìåíÿòü êàê ìîæíî áîëüøå ïåøåê íà êîðîëåâñêîì ôëàíãå.} 32. Nd4 $3 {Ïðîñòî ñóïå
ðñêè ñûãðàíî! Êàçàëîñü áû, ÷¸ðíûå ìîãóò îòûãðàòü ïåøêó b3, íî çà ýòî îíè
ïîïàäàþò â èçóìèòåëüíûé öóãöâàíã.} ({Áóäü íà ìåñòå Íàâàðû Êðàìíèê, îí áû,
íàâåðíîå, ñûãðàë çäåñü áîëåå òåõíè÷íî è áåç îñîáûõ êðàñîò.  Íàïðèìåð, òàê:} 
32. h4 {ñ èäååé çàôèêñèðîâàòü ñëàáîñòü íà h6} g5 33. h5 gxf4 34. gxf4 e5 35.
fxe5+ Kxe5 36. Kf3 Kf6 37. Kf4 {Äèàãðàììà #} Re8 38. Rd5 Re4+ 39. Kf3 Rh4 40.
c5 Rh3+ 41. Kg2 Rxb3 42. c6 {ñ ïîáåäîé.}) 32... Ra8 ({
Èòàê, ÷òî æå áóäåò, åñëè âûèãðàòü ïåøêó b3? Ñìîòðèì:} 32... Bc5 33. Nc6 Rxb3
34. Ne5 {Ãðîçèò ìàò.} Be7 35. c5 {
, à òåïåðü ÷¸ðíûì ïðîñòî íå÷åì äåðæàòü ïåøêó «ñ» -} Rb2+ 36. Kf3 Rc2 37. c6
g5 38. c7 h5 39. Ke3 h4 40. Kd3 Rc5 41. Kd4 hxg3 42. hxg3 gxf4 43. gxf4 Rc1 44.
Kd3 Rc5 45. Kd2 {Ïîëíûé... öóãöâàíã!}) 33. Nc6 Ra2+ 34. Kf1 Kg6 {×òîáû èçáåæàòü
òîãî ñàìîãî öóãöâàíãà, íî òåïåðü óæå íè÷òî íå ìîæåò ïîìåøàòü ïðîõîäíûì
ðèíóòüñÿ ê öåëè.} 35. b4 Rc2 36. c5 Kh5 37. Nd4 Rc1+ 38. Kf2 Bxc5 {
Ýòî óæå «ëó÷øåå». Îñòàíîâèòü ïðîõîäèìöà ïî-èíîìó íå ïîëó÷àåòñÿ.} 39. bxc5
Rxc5 40. Rxg7 Rd5 {Ïîñëåäíÿÿ íàäåæäà ÷¸ðíûõ - ïàòîâàÿ ëîâóøêà. Íî Äàâèä
èãðàåò, êîíå÷íî æå, ïî-äðóãîìó -} 41. Ke3 ({
Ëîâóøêà ñðàáàòûâàëà ïîñëå îïðîìåò÷èâîãî} 41. Nxe6 $2 Rd2+ {
è áåëûå ïîëó÷àþò áåøåíóþ ëàäüþ}) 41... e5 42. Nxf5 exf4+ {
Åù¸ îäíà ïàòîâàÿ ïîïûòêà.} 43. Ke4 {è ââèäó óãðîçû g4# ÷¸ðíûå  ñäàëèñü.} (43.
Kxf4 $2 Rxf5+ $1) 1-0